[Event "Campeonato del Mundo sub-20 2010"]
[Site "Chotowa POL"]
[Date "2010.08.12"]
[Round "9.2"]
[White "Matlakov, Maxim"]
[Black "Hammer, Jon Ludvig"]
[Result "1/2-1/2"]
[WhiteElo "2603"]
[BlackElo "2636"]
[PlyCount "100"]
[EventDate "2010.08.03"]
[EventType "swiss"]
[EventRounds "13"]
[EventCountry "POL"]
[Source "lmi"]
[SourceDate "2010.08.03"]

1. d4 Nf6 2. c4 e6 3. Nf3 d5 4. Nc3 Bb4 5. Bg5 Nbd7 6. cxd5 exd5 7. e3 c5 8.
dxc5 Qa5 9. Rc1 Bxc3+ 10. bxc3 O-O 11. Be2 Ne4 12. O-O Nxc3 13. Qd2 Nxe2+ 14.
Qxe2 b6 15. Rfd1 Ba6 16. Qc2 Nxc5 17. Be7 Rfc8 18. Rxd5 h6 19. Bxc5 Bb7 20. Re5
Bxf3 21. gxf3 Rxc5 22. Rxc5 bxc5 23. Rd1 Rc8 24. Qc4 Rc6 25. Kf1 Qa6 26. Rc1
Qxc4+ 27. Rxc4 Kf8 28. Ra4 c4 29. Ke1 c3 30. Kd1 Rd6+ 31. Kc2 Rd2+ 32. Kxc3
Rxf2 33. f4 Rxh2 34. Rxa7 g5 35. fxg5 hxg5 36. Kd3 Rf2 37. e4 g4 38. Ke3 Rf3+
39. Ke2 Rf4 40. Ke3 Rf3+ 41. Ke2 Kg7 42. Ra5 Kg6 43. Rd5 Ra3 44. Kf2 Rf3+ 45.
Ke2 Ra3 46. Kf2 Rxa2+ 47. Kg3 Re2 48. Kxg4 Rxe4+ 49. Kg3 Re2 50. Kg4 Re4+
1/2-1/2

[Event "Campeonato del Mundo sub-20 2010"]
[Site "Chotowa POL"]
[Date "2010.08.12"]
[Round "9.5"]
[White "Blomqvist, Erik"]
[Black "Hovhannisyan, Robert"]
[Result "1-0"]
[WhiteElo "2407"]
[BlackElo "2529"]
[PlyCount "138"]
[EventDate "2010.08.03"]
[EventType "swiss"]
[EventRounds "13"]
[EventCountry "POL"]
[Source "lmi"]
[SourceDate "2010.08.03"]

1. e4 e5 2. Nf3 Nc6 3. Bb5 Nf6 4. O-O Nxe4 5. Qe2 Nd6 6. Bxc6 dxc6 7. Qxe5+ Be6
8. Nd4 Qf6 9. Re1 O-O-O 10. Qxf6 gxf6 11. b3 Bd5 12. Nc3 Bg7 13. Bb2 f5 14.
Nde2 Rhe8 15. d3 b6 16. Kf1 Be6 17. Na4 Bh6 18. Bf6 Rd7 19. Nd4 Kb7 20. Re2 c5
21. Nxe6 fxe6 22. Rae1 Bg7 23. Bxg7 Rxg7 24. Rxe6 Reg8 25. g3 f4 26. Rf6 fxg3
27. fxg3 h5 28. Rf4 Nb5 29. c3 Rg5 30. Re7 Nd6 31. Re2 Nf5 32. Ke1 Nh6 33. Nb2
Ng4 34. a4 Rd5 35. Kd2 Rgd8 36. h3 Nh6 37. Rf6 Ng8 38. Rf7 Rg5 39. Re3 Nh6 40.
Rf6 Nf5 41. h4 Nxe3 42. hxg5 Nd5 43. Rf5 Ne7 44. Rf7 Ng6 45. Nc4 Rd5 46. Rg7
Ne5 47. Ke3 Nxd3 48. Ke4 Rd8 49. Rf7 Nc1 50. g6 Ne2 51. g7 Rg8 52. Nd6+ Ka6 53.
Nf5 Nxc3+ 54. Ke5 Ka5 55. Ne7 Re8 56. g8=Q Rxg8 57. Nxg8 Kb4 58. Rxc7 Kxb3 59.
Rxa7 c4 60. Nf6 Nxa4 61. Nxh5 c3 62. Nf4 c2 63. Ne2 b5 64. g4 Nc3 65. Nc1+ Kb2
66. Nd3+ Kb3 67. g5 b4 68. g6 Kc4 69. Nc1 Nb5 1-0

[Event "Campeonato del Mundo sub-20 2010"]
[Site "Chotowa POL"]
[Date "2010.08.12"]
[Round "9.6"]
[White "Diamant, Andre"]
[Black "Swiercz, Dariusz"]
[Result "0-1"]
[WhiteElo "2518"]
[BlackElo "2492"]
[PlyCount "102"]
[EventDate "2010.08.03"]
[EventType "swiss"]
[EventRounds "13"]
[EventCountry "POL"]
[Source "lmi"]
[SourceDate "2010.08.03"]

1. e4 c5 2. Nf3 d6 3. d4 cxd4 4. Nxd4 Nf6 5. Nc3 a6 6. Be3 e5 7. Nf3 Qc7 8. a4
Be7 9. a5 O-O 10. Be2 Nc6 11. Bb6 Qd7 12. Nd2 Nd4 13. Bc4 Bd8 14. Bxd4 exd4 15.
Nd5 Qc6 16. Nxf6+ Bxf6 17. O-O Be6 18. Bd3 Qc5 19. Nb3 Qc7 20. Ra4 b5 21. axb6
Qxb6 22. Ra3 Rfc8 23. Re1 g6 24. Qd2 Bc4 25. Na5 Bb5 26. Rea1 Rab8 27. g3 Kg7
28. Nb3 Qc6 29. Rxa6 Bxa6 30. Rxa6 Qd7 31. Kg2 Ra8 32. Ra5 h5 33. Rd5 h4 34.
Qf4 h3+ 35. Kf3 Qe8 36. Qg4 Ra2 37. Rxd6 Rxb2 38. Qd7 Qxd7 39. Rxd7 Rc3 40.
Nxd4 Bxd4 41. Rxd4 Rbxc2 42. Rd7 Rd2 43. Ke3 Rd1 44. e5 Kf8 45. Ke2 Rh1 46. e6
fxe6 47. Bxg6 Rxh2 48. Bd3 Ra3 49. Ke3 Rh1 50. Ke2 Ra2+ 51. Kf3 Rd1 0-1

[Event "Campeonato del Mundo sub-20 2010"]
[Site "Chotowa POL"]
[Date "2010.08.12"]
[Round "9.8"]
[White "Volodin, Aleksandr"]
[Black "Martinovic, Sasa"]
[Result "1/2-1/2"]
[WhiteElo "2422"]
[BlackElo "2505"]
[PlyCount "38"]
[EventDate "2010.08.03"]
[EventType "swiss"]
[EventRounds "13"]
[EventCountry "POL"]
[Source "lmi"]
[SourceDate "2010.08.03"]

1. d4 d5 2. c4 c6 3. Nf3 Nf6 4. Nc3 dxc4 5. e4 b5 6. e5 Nd5 7. a4 e6 8. axb5
Nxc3 9. bxc3 cxb5 10. Ng5 Bb7 11. Qg4 Bd5 12. Be2 Nc6 13. Qf4 Qd7 14. Bh5 g6
15. Bf3 Bg7 16. Ba3 b4 17. Bxd5 exd5 18. cxb4 h6 19. Nf3 a6 1/2-1/2

[Event "Campeonato del Mundo sub-20 2010"]
[Site "Chotowa POL"]
[Date "2010.08.12"]
[Round "9.9"]
[White "Simonian, Hrair"]
[Black "Stupak, Kirill"]
[Result "0-1"]
[WhiteElo "2494"]
[BlackElo "2504"]
[PlyCount "82"]
[EventDate "2010.08.03"]
[EventType "swiss"]
[EventRounds "13"]
[EventCountry "POL"]
[Source "lmi"]
[SourceDate "2010.08.03"]

1. e4 e6 2. d4 d5 3. Nc3 Bb4 4. e5 Qd7 5. Nge2 b6 6. Nf4 Ba6 7. Bxa6 Nxa6 8. a3
Bf8 9. Be3 c5 10. O-O Ne7 11. Qe2 cxd4 12. Bxd4 Nb8 13. Nb5 Nf5 14. g4 Nxd4 15.
Nxd4 Bc5 16. Nf3 O-O 17. h4 Nc6 18. h5 f6 19. Rae1 Rae8 20. Nd3 f5 21. g5 f4
22. Nh4 f3 23. Nxf3 Rf5 24. Nh2 Rxg5+ 25. Kh1 Qf7 26. h6 Rh5 27. Qg4 Rxh6 28.
b4 Bf8 29. Re3 Ne7 30. Rh3 Rxh3 31. Qxh3 Rc8 32. Nf3 Qf5 33. Qxf5 Nxf5 34. Ng5
Rc6 35. Nf4 Be7 36. Ngxe6 Kf7 37. Rg1 Rc4 38. Rg4 g5 39. Nxg5+ Bxg5 40. e6+ Kf8
41. e7+ Bxe7 0-1

[Event "Campeonato del Mundo sub-20 2010"]
[Site "Chotowa POL"]
[Date "2010.08.12"]
[Round "9.11"]
[White "Baryshpolets, Andrey"]
[Black "Nabaty, Tamir"]
[Result "1/2-1/2"]
[WhiteElo "2450"]
[BlackElo "2523"]
[PlyCount "91"]
[EventDate "2010.08.03"]
[EventType "swiss"]
[EventRounds "13"]
[EventCountry "POL"]
[Source "lmi"]
[SourceDate "2010.08.03"]

1. Nf3 c5 2. e4 Nc6 3. d4 cxd4 4. Nxd4 Nf6 5. Nc3 d6 6. f3 g6 7. Be3 Bg7 8. Qd2
O-O 9. O-O-O Nxd4 10. Bxd4 Be6 11. Kb1 Qc7 12. Nd5 Bxd5 13. exd5 Rfc8 14. Rc1
Qd7 15. g4 b5 16. g5 Nh5 17. Bxg7 Nxg7 18. h4 Rc5 19. Bh3 Qb7 20. Rcd1 b4 21.
Bg4 Ra5 22. h5 Qa6 23. a3 gxh5 24. Bxh5 Rb8 25. Qf4 Nxh5 26. Rxh5 Qe2 27. Rc1
Qe5 28. Qxe5 dxe5 29. axb4 Rxd5 30. c3 Rd3 31. Re1 Rb5 32. Rh3 Rd2 33. Reh1 a5
34. Rxh7 axb4 35. c4 Rc5 36. R1h6 e6 37. Rh8+ Kg7 38. R8h7+ Kf8 39. b3 e4 40.
Rf6 Rxg5 41. Rhxf7+ Ke8 42. Rf8+ Kd7 43. R6f7+ Kc6 44. Rc8+ Kb6 45. Rb8+ Ka6
46. Ra8+ 1/2-1/2

[Event "Campeonato del Mundo sub-20 2010"]
[Site "Chotowa POL"]
[Date "2010.08.12"]
[Round "9.13"]
[White "Cori, Tello Jorge Moises"]
[Black "Rasulov, Vugar Ural"]
[Result "0-1"]
[WhiteElo "2486"]
[BlackElo "2442"]
[PlyCount "94"]
[EventDate "2010.08.03"]
[EventType "swiss"]
[EventRounds "13"]
[EventCountry "POL"]
[Source "lmi"]
[SourceDate "2010.08.03"]

1. d4 Nf6 2. Nf3 g6 3. c4 Bg7 4. Nc3 O-O 5. g3 d6 6. Bg2 Nbd7 7. O-O e5 8. h3
c6 9. e4 Qa5 10. Re1 exd4 11. Nxd4 Re8 12. Nb3 Qc7 13. Be3 b6 14. Nd4 Bb7 15.
Qc2 Rad8 16. Rad1 a6 17. f4 b5 18. cxb5 cxb5 19. Bf2 Qb8 20. a3 Rc8 21. Qb1 Nc5
22. Re2 Qa8 23. Rde1 Re7 24. b4 Na4 25. Nxa4 bxa4 26. b5 axb5 27. Nxb5 Qa6 28.
Rd2 Bxe4 29. Bxe4 Nxe4 30. Rxe4 Rxe4 31. Nxd6 Rec4 32. Nxc8 Qxc8 33. Qd3 Bf8
34. Kh2 Rc3 35. Qd8 Qc6 36. Qd5 Qxd5 37. Rxd5 Rxa3 38. Ra5 Ra2 39. Kg1 a3 40.
Bd4 f5 41. g4 Rd2 42. Be5 a2 43. Kf1 Kf7 44. Ke1 Rh2 45. Ra6 Rxh3 46. gxf5 gxf5
47. Rf6+ Kg8 0-1

[Event "Campeonato del Mundo sub-20 2010"]
[Site "Chotowa POL"]
[Date "2010.08.12"]
[Round "9.14"]
[White "Yilmaz, Mustafa"]
[Black "Hamitevici, Vladimir"]
[Result "1-0"]
[WhiteElo "2479"]
[BlackElo "2411"]
[PlyCount "125"]
[EventDate "2010.08.03"]
[EventType "swiss"]
[EventRounds "13"]
[EventCountry "POL"]
[Source "lmi"]
[SourceDate "2010.08.03"]

1. e4 c6 2. d4 d5 3. exd5 cxd5 4. c4 Nf6 5. Nc3 g6 6. Qb3 Bg7 7. cxd5 O-O 8.
Nge2 Na6 9. g3 Qb6 10. Qxb6 axb6 11. Bg2 Rd8 12. O-O Nb4 13. d6 Rxd6 14. Bf4
Rd7 15. Be5 e6 16. Rfd1 Ne8 17. Bxg7 Kxg7 18. a3 Nd5 19. Nxd5 exd5 20. Nf4 Nf6
21. Rac1 g5 22. Nd3 Re7 23. Nb4 Be6 24. Rc3 Rd8 25. Re1 h6 26. h3 Kf8 27. g4
Ne8 28. f4 gxf4 29. Rf3 f6 30. Rxf4 Bf7 31. Ref1 Kg7 32. Rf5 Red7 33. Kh2 Rd6
34. h4 R8d7 35. Kg3 Nc7 36. R5f2 Re7 37. Rd2 Bg6 38. Rc1 Bf7 39. Rc3 Kg8 40.
Nc2 Rde6 41. Kf2 Rc6 42. Ne3 Be6 43. Rb3 Rd7 44. Bf1 Rg7 45. Kf3 h5 46. gxh5
Rh7 47. Bd3 Rxh5 48. Rh2 Kf7 49. Ng2 f5 50. Nf4 Rh6 51. h5 Kf6 52. Rc2 b5 53.
Rh2 Rb6 54. a4 Bd7 55. axb5 Bxb5 56. Rg2 Ke7 57. Rg7+ Kd8 58. Rxc7 Bxd3 59.
Rxb7 Be4+ 60. Kg3 Ra6 61. Rb8+ Kc7 62. R3b7+ Kc6 63. Kh4 1-0

[Event "Campeonato del Mundo sub-20 2010"]
[Site "Chotowa POL"]
[Date "2010.08.12"]
[Round "9.15"]
[White "Can, Emre"]
[Black "Bobula, Mateusz"]
[Result "1-0"]
[WhiteElo "2477"]
[BlackElo "2387"]
[PlyCount "85"]
[EventDate "2010.08.03"]
[EventType "swiss"]
[EventRounds "13"]
[EventCountry "POL"]
[Source "lmi"]
[SourceDate "2010.08.03"]

1. e4 e6 2. d4 d5 3. Nd2 Nf6 4. e5 Nfd7 5. Bd3 c5 6. c3 Nc6 7. Ne2 cxd4 8. cxd4
f6 9. Nf4 Nxd4 10. Qh5+ Ke7 11. exf6+ Nxf6 12. Ng6+ hxg6 13. Qxh8 Kf7 14. Qh4
e5 15. Nf3 Nxf3+ 16. gxf3 Bf5 17. Bxf5 gxf5 18. Bg5 Qa5+ 19. Kf1 g6 20. Qh8
Qa6+ 21. Kg2 Re8 22. Rac1 Be7 23. Qh4 Qb6 24. Rc2 Nh5 25. Rhc1 Bxg5 26. Qxg5
Re7 27. Qh6 Nf4+ 28. Kh1 d4 29. Qh7+ Ke6 30. Qg8+ Kd7 31. Qc8+ Kd6 32. Qb8+ Ke6
33. Rc7 Nd5 34. Qg8+ Kd6 35. Rc8 Nf4 36. Rd8+ Rd7 37. Qf8+ Ke6 38. Qe8+ Re7 39.
Qg8+ Kf6 40. Qf8+ Ke6 41. h4 Qxb2 42. Qg8+ Rf7 43. Rc7 1-0

[Event "Campeonato del Mundo sub-20 2010"]
[Site "Chotowa POL"]
[Date "2010.08.12"]
[Round "9.16"]
[White "Salem, A.R. Saleh"]
[Black "Kanarek, Marcel"]
[Result "1-0"]
[WhiteElo "2469"]
[BlackElo "2387"]
[PlyCount "89"]
[EventDate "2010.08.03"]
[EventType "swiss"]
[EventRounds "13"]
[EventCountry "POL"]
[Source "lmi"]
[SourceDate "2010.08.03"]

1. d4 Nf6 2. c4 g6 3. Nc3 Bg7 4. e4 d6 5. f3 O-O 6. Be3 c5 7. Nge2 cxd4 8. Nxd4
Nc6 9. Be2 Nxd4 10. Bxd4 Be6 11. O-O Qa5 12. Rc1 Rfc8 13. b3 a6 14. f4 b5 15.
f5 Bd7 16. Bxf6 Bxf6 17. Nd5 Bg5 18. h4 Bxh4 19. f6 exf6 20. Ne7+ Kg7 21. Nxc8
Rxc8 22. Qxd6 Be6 23. Rc2 bxc4 24. Bxc4 Rd8 25. b4 Rxd6 26. bxa5 Bg3 27. Bxe6
Rxe6 28. Rf3 Be1 29. Rc4 Bg3 30. Rc2 Be1 31. Rc4 Bxa5 32. Rd3 Bb6+ 33. Kh2 a5
34. g4 Re5 35. Rd5 h5 36. gxh5 gxh5 37. Kg2 Rg5+ 38. Kf3 Kg6 39. Rc6 Bg1 40.
Rxg5+ Kxg5 41. Ra6 Kg6 42. Rxa5 h4 43. Kg4 Bf2 44. a4 Kg7 45. Rb5 1-0

[Event "Campeonato del Mundo sub-20 2010"]
[Site "Chotowa POL"]
[Date "2010.08.12"]
[Round "9.17"]
[White "Kasyan, Aleksandr"]
[Black "Delorme, Axel"]
[Result "1-0"]
[WhiteElo "2326"]
[BlackElo "2455"]
[PlyCount "59"]
[EventDate "2010.08.03"]
[EventType "swiss"]
[EventRounds "13"]
[EventCountry "POL"]
[Source "lmi"]
[SourceDate "2010.08.03"]

1. d4 Nf6 2. c4 e6 3. Nf3 d5 4. Nc3 dxc4 5. e3 a6 6. Bxc4 b5 7. Bb3 Bb7 8. O-O
Nbd7 9. e4 b4 10. e5 bxc3 11. exf6 Qxf6 12. Ne5 Nxe5 13. dxe5 Qxe5 14. Ba4+ c6
15. g3 Bc5 16. bxc3 O-O 17. Rb1 Rad8 18. Qf3 Qc7 19. Qg4 Kh8 20. Bc2 f5 21. Qh5
Bd6 22. Re1 Bc8 23. Bg5 Rd7 24. Rxe6 Rdf7 25. Re2 c5 26. Ba4 Bd7 27. Bxd7 Qxd7
28. Rd1 Qc7 29. Re6 Be5 30. Bd8 1-0

[Event "Campeonato del Mundo sub-20 2010"]
[Site "Chotowa POL"]
[Date "2010.08.12"]
[Round "9.18"]
[White "Nyzhnyk, Illya"]
[Black "Leniart, Arkadiusz"]
[Result "0-1"]
[WhiteElo "2543"]
[BlackElo "2423"]
[PlyCount "80"]
[EventDate "2010.08.03"]
[EventType "swiss"]
[EventRounds "13"]
[EventCountry "POL"]
[Source "lmi"]
[SourceDate "2010.08.03"]

1. d4 Nf6 2. c4 g6 3. Nc3 d5 4. Nf3 Bg7 5. Bg5 Ne4 6. cxd5 Nxg5 7. Nxg5 e6 8.
Nf3 exd5 9. e3 O-O 10. Bd3 b6 11. O-O c5 12. Rc1 Be6 13. Qe2 Nd7 14. Bb5 Nf6
15. Rfd1 Qe7 16. Ne5 Ne4 17. Nc6 Qg5 18. f4 Nxc3 19. bxc3 Qh4 20. g3 Qf6 21. e4
dxe4 22. d5 Bd7 23. Qxe4 Rfe8 24. Qf3 Qd6 25. Ba6 h5 26. Bb7 Bg4 27. Qd3 Be2
28. Qc2 Bxd1 29. Rxd1 Rab8 30. Nxb8 Rxb8 31. Bc6 b5 32. Qd3 c4 33. Qe3 b4 34.
Bb5 bxc3 35. Bxc4 c2 36. Rc1 Bd4 37. Qxd4 Rb1 38. Qc3 Rxc1+ 39. Kg2 Qc5 40. Kh3
Qc8+ 0-1

[Event "Campeonato del Mundo sub-20 2010"]
[Site "Chotowa POL"]
[Date "2010.08.12"]
[Round "9.20"]
[White "Sethuraman, Sethuraman Panayapp"]
[Black "Piorun, Kacper"]
[Result "1-0"]
[WhiteElo "2513"]
[BlackElo "2499"]
[PlyCount "81"]
[EventDate "2010.08.03"]
[EventType "swiss"]
[EventRounds "13"]
[EventCountry "POL"]
[Source "lmi"]
[SourceDate "2010.08.03"]

1. e4 e6 2. d4 d5 3. Nd2 Nf6 4. e5 Nfd7 5. c3 c5 6. f4 Nc6 7. Ndf3 Rb8 8. Bd3
b5 9. Ne2 g6 10. a3 a5 11. Be3 b4 12. axb4 cxb4 13. g4 h5 14. gxh5 Rxh5 15. Ng3
Rh8 16. h4 bxc3 17. bxc3 Qc7 18. Bd2 Qa7 19. h5 Ba6 20. Bc2 gxh5 21. f5 Ndxe5
22. dxe5 Bc5 23. Ne2 Bf2+ 24. Kf1 Bg3 25. Nfd4 Bxe2+ 26. Kxe2 Nxe5 27. Qg1 Qa6+
28. Kd1 h4 29. fxe6 fxe6 30. Be1 Kd7 31. Qe3 Nc4 32. Ba4+ Kc8 33. Qxg3 Nb2+ 34.
Kc2 hxg3 35. Rxh8+ Kb7 36. Bc6+ Ka7 37. Nb5+ Kb6 38. Rxb8+ Kxc6 39. Kxb2 g2 40.
Bf2 a4 41. Rb6+ 1-0

[Event "Campeonato del Mundo sub-20 2010"]
[Site "Chotowa POL"]
[Date "2010.08.12"]
[Round "9.21"]
[White "Dimitrov, Radoslav"]
[Black "Grandelius, Nils"]
[Result "1-0"]
[WhiteElo "2380"]
[BlackElo "2505"]
[PlyCount "53"]
[EventDate "2010.08.03"]
[EventType "swiss"]
[EventRounds "13"]
[EventCountry "POL"]
[Source "lmi"]
[SourceDate "2010.08.03"]

1. e4 e5 2. f4 exf4 3. Nf3 g5 4. h4 g4 5. Ne5 Nf6 6. Bc4 d5 7. exd5 Bd6 8. d4
Nh5 9. Bb5+ Kf8 10. O-O Qxh4 11. Bxf4 Bxe5 12. Bxe5 g3 13. Rf3 Bg4 14. Nd2 f6
15. Nf1 Rg8 16. Qd3 Bxf3 17. Qxf3 a6 18. Be2 Nd7 19. Bxc7 Qxd4+ 20. Qe3 Qxe3+
21. Nxe3 Rg5 22. Bg4 Ne5 23. Bf5 Nc4 24. Nxc4 Rxf5 25. d6 Rc5 26. Nb6 Re8 27.
Nd7+ 1-0

[Event "Campeonato del Mundo sub-20 2010"]
[Site "Chotowa POL"]
[Date "2010.08.12"]
[Round "9.24"]
[White "Salgado Lopez, Ivan"]
[Black "Debashis, Das"]
[Result "1/2-1/2"]
[WhiteElo "2607"]
[BlackElo "2411"]
[PlyCount "111"]
[EventDate "2010.08.03"]
[EventType "swiss"]
[EventRounds "13"]
[EventCountry "POL"]
[Source "lmi"]
[SourceDate "2010.08.03"]

1. d4 d5 2. c4 c6 3. Nf3 Nf6 4. Nc3 e6 5. Bg5 h6 6. Bxf6 Qxf6 7. e3 Nd7 8. Bd3
dxc4 9. Bxc4 g6 10. O-O Bg7 11. Rc1 O-O 12. e4 e5 13. d5 Nb6 14. Bb3 Bg4 15. h3
Bxf3 16. Qxf3 Qxf3 17. gxf3 Rfd8 18. Rfd1 Bf6 19. dxc6 bxc6 20. Kf1 Bg5 21. Rc2
Kf8 22. Ke2 Rxd1 23. Nxd1 Rc8 24. Rc5 Nd7 25. Rc2 Nb6 26. Ne3 Ke7 27. a4 Rc7
28. a5 Bxe3 29. Kxe3 Nc8 30. f4 f6 31. fxe5 fxe5 32. h4 c5 33. Bd5 Nd6 34. b3
Kf6 35. Rc1 Rc8 36. Kd3 g5 37. hxg5+ Kxg5 38. Ke3 h5 39. Rg1+ Kf6 40. f4 exf4+
41. Kxf4 Nf7 42. Bxf7 Kxf7 43. Rg5 Rh8 44. Rxc5 h4 45. Rc2 h3 46. Rh2 Ke6 47.
a6 Rh4+ 48. Kg5 Rxe4 49. Rxh3 Rb4 50. Rh7 Rxb3 51. Rxa7 Ra3 52. Ra8 Kd7 53. Kf5
Kc7 54. Ke5 Kb6 55. Rb8+ Ka7 56. Rb5 1/2-1/2

[Event "Campeonato del Mundo sub-20 2010"]
[Site "Chotowa POL"]
[Date "2010.08.12"]
[Round "9.25"]
[White "Spoelman, Wouter"]
[Black "Dragun, Kamil"]
[Result "0-1"]
[WhiteElo "2580"]
[BlackElo "2379"]
[PlyCount "132"]
[EventDate "2010.08.03"]
[EventType "swiss"]
[EventRounds "13"]
[EventCountry "POL"]
[Source "lmi"]
[SourceDate "2010.08.03"]

1. d4 Nf6 2. c4 g6 3. g3 c6 4. Bg2 d5 5. cxd5 cxd5 6. Nc3 Nc6 7. Nf3 Bg7 8. Ne5
O-O 9. O-O e6 10. Nxc6 bxc6 11. Bf4 Nd7 12. Na4 Ba6 13. Rc1 Rc8 14. Qd2 Re8 15.
Rc2 Bb5 16. Nc3 Qb6 17. Rfc1 Ba6 18. e3 Qa5 19. Bd6 e5 20. Bh3 f5 21. dxe5 Bxe5
22. Bxe5 Nxe5 23. Bg2 Kg7 24. b3 Nd3 25. Rd1 Ne5 26. Na4 Qxd2 27. Rcxd2 Nd7 28.
Rc1 Kf6 29. Nc5 Nxc5 30. Rxc5 Bb7 31. Kf1 Ke6 32. Ke1 Kd6 33. b4 g5 34. Rd4 f4
35. gxf4 gxf4 36. Rxf4 Rg8 37. Bf1 Rg1 38. Ra5 c5 39. Rxa7 Bc6 40. Ra6 Ke7 41.
Ra5 c4 42. Rc5 c3 43. Rxc3 Rxf1+ 44. Kd2 Ra1 45. a3 Ra2+ 46. Rc2 Rxc2+ 47. Kxc2
Ba4+ 48. Kd2 Ke6 49. Rh4 Rc2+ 50. Ke1 Bb5 51. Rh6+ Ke5 52. Rh5+ Ke4 53. a4 Bc4
54. Rh4+ Kd3 55. Kf1 Kd2+ 56. Kg2 Ke1 57. Rf4 Ra2 58. b5 Rxa4 59. b6 Rb4 60.
Rf6 h5 61. Kg3 Bd3 62. f4 Ke2 63. Rd6 Be4 64. Kh4 Kxe3 65. Kg5 d4 66. f5 Rb5
0-1

[Event "Campeonato del Mundo sub-20 2010"]
[Site "Chotowa POL"]
[Date "2010.08.12"]
[Round "9.27"]
[White "Narmontas, Matas"]
[Black "Huschenbeth, Niclas"]
[Result "1-0"]
[WhiteElo "2379"]
[BlackElo "2459"]
[PlyCount "79"]
[EventDate "2010.08.03"]
[EventType "swiss"]
[EventRounds "13"]
[EventCountry "POL"]
[Source "lmi"]
[SourceDate "2010.08.03"]

1. e4 c5 2. Nf3 d6 3. d4 cxd4 4. Nxd4 Nf6 5. Nc3 a6 6. Bg5 Nbd7 7. f4 Qc7 8.
Qf3 h6 9. Bh4 g5 10. fxg5 hxg5 11. Bxg5 Qc5 12. Qe3 Ng4 13. Qd2 Bg7 14. Nb3
Bxc3 15. bxc3 Qe5 16. Bd3 Rxh2 17. O-O-O Rxh1 18. Rxh1 Nf8 19. Bf4 Qg7 20. Bc4
Ng6 21. Bg3 N4e5 22. Na5 Nxc4 23. Nxc4 Be6 24. Nb6 Rd8 25. Qd4 Kf8 26. Bf2 Kg8
27. Qd2 Bxa2 28. Bd4 e5 29. Be3 Qf8 30. Bg5 f6 31. Rf1 Nf4 32. Bxf4 exf4 33.
Qxf4 Be6 34. Rf3 Re8 35. Qh4 Re7 36. Rxf6 Qg7 37. Rf3 Qh7 38. Rg3+ Kf8 39. Qf6+
Bf7 40. Rh3 1-0

[Event "Campeonato del Mundo sub-20 2010"]
[Site "Chotowa POL"]
[Date "2010.08.12"]
[Round "9.29"]
[White "Arenas Vanegas, David"]
[Black "Ashwin, Jayaram"]
[Result "1-0"]
[WhiteElo "2364"]
[BlackElo "2454"]
[PlyCount "79"]
[EventDate "2010.08.03"]
[EventType "swiss"]
[EventRounds "13"]
[EventCountry "POL"]
[Source "lmi"]
[SourceDate "2010.08.03"]

1. e4 c5 2. Nf3 d6 3. d4 cxd4 4. Nxd4 Nf6 5. Nc3 a6 6. Be3 e6 7. Be2 Be7 8. O-O
Qc7 9. f4 Nc6 10. Kh1 O-O 11. a4 Bd7 12. Nb3 b6 13. Bf3 Rfe8 14. g4 Bc8 15. Bg2
Rb8 16. g5 Nd7 17. Rf3 Bf8 18. Rh3 g6 19. Qe1 Bg7 20. Qh4 Nf8 21. Rf1 Ne7 22.
Qf2 b5 23. a5 Bd7 24. Bb6 Qc8 25. Qd2 e5 26. Rhf3 exf4 27. Rxf4 Be6 28. Qxd6
Nc6 29. Nd5 Nd7 30. Nc7 Nxb6 31. axb6 Rxb6 32. Nxe8 Qxe8 33. Rf6 Bxf6 34. gxf6
Bxb3 35. cxb3 Qb8 36. Rd1 h5 37. e5 Kh7 38. Bxc6 Qc8 39. Rc1 Qf5 40. Qf8 1-0

[Event "Campeonato del Mundo sub-20 2010"]
[Site "Chotowa POL"]
[Date "2010.08.12"]
[Round "9.31"]
[White "Wieczorek, Oskar"]
[Black "Sieciechowicz, Marcin"]
[Result "1-0"]
[WhiteElo "2316"]
[BlackElo "2445"]
[PlyCount "105"]
[EventDate "2010.08.03"]
[EventType "swiss"]
[EventRounds "13"]
[EventCountry "POL"]
[Source "lmi"]
[SourceDate "2010.08.03"]

1. e4 e6 2. d4 d5 3. Nc3 Bb4 4. e5 c5 5. a3 Bxc3+ 6. bxc3 Qa5 7. Bd2 Qa4 8. Nf3
c4 9. h4 Nc6 10. h5 h6 11. g3 Bd7 12. Bh3 O-O-O 13. Bf4 Qa5 14. Qd2 f5 15. Nh4
Nge7 16. g4 fxg4 17. Bxg4 Rdf8 18. Bg3 Rhg8 19. f3 Nd8 20. Qe3 Be8 21. Kd2 g5
22. hxg6 Bxg6 23. Nxg6 Rxg6 24. Rxh6 Nf5 25. Bxf5 Rxg3 26. Qf2 Rfg8 27. Bh3 Kb8
28. Rh4 R3g6 29. Rg4 Nf7 30. Rxg6 Rxg6 31. Rg1 Ng5 32. Bxe6 a6 33. Rg3 Rxe6 34.
Rxg5 Rh6 35. f4 Ka7 36. f5 Qxa3 37. Qg2 b5 38. Qxd5 Rh2+ 39. Rg2 Rxg2+ 40. Qxg2
b4 41. Qg7+ Kb6 42. Qg6+ Ka5 43. cxb4+ Qxb4+ 44. Ke2 Qc3 45. f6 Qxd4 46. Qf5 c3
47. f7 Qd2+ 48. Kf3 Qd5+ 49. Kg4 Qd1+ 50. Kg5 Qd8+ 51. Kg6 Qf8 52. e6+ Ka4 53.
Qe4+ 1-0

[Event "Campeonato del Mundo sub-20 2010"]
[Site "Chotowa POL"]
[Date "2010.08.12"]
[Round "9.32"]
[White "Swapnil, Sunil"]
[Black "Lomsadze, Dawit"]
[Result "1-0"]
[WhiteElo "2426"]
[BlackElo "2364"]
[PlyCount "75"]
[EventDate "2010.08.03"]
[EventType "swiss"]
[EventRounds "13"]
[EventCountry "POL"]
[Source "lmi"]
[SourceDate "2010.08.03"]

1. d4 g6 2. c4 Bg7 3. Nc3 c5 4. d5 Bxc3+ 5. bxc3 Qa5 6. Qc2 f5 7. e4 fxe4 8. f3
d6 9. fxe4 e5 10. Bd3 Nd7 11. Nf3 Ndf6 12. O-O Kf8 13. h3 Kg7 14. Rb1 Qc7 15.
Nh2 Bd7 16. Be2 Rf8 17. Bg4 h6 18. Bxd7 Qxd7 19. Be3 Ne7 20. Rf2 g5 21. Rbf1
Ng6 22. Rf5 Nh5 23. Rxf8 Rxf8 24. Rxf8 Kxf8 25. Ng4 Kg7 26. Bf2 Nf6 27. Ne3 Ne7
28. g4 h5 29. Nf5+ Nxf5 30. gxf5 Kh7 31. Be3 Qg7 32. Qg2 h4 33. Bxg5 Nxe4 34.
Bxh4 Nxc3 35. Bg5 e4 36. Qg4 e3 37. f6 e2 38. Qh4+ 1-0

[Event "Campeonato del Mundo sub-20 2010"]
[Site "Chotowa POL"]
[Date "2010.08.12"]
[Round "9.33"]
[White "Firat, Burak"]
[Black "Platzgummer, Fabian"]
[Result "1/2-1/2"]
[WhiteElo "2419"]
[BlackElo "2305"]
[PlyCount "54"]
[EventDate "2010.08.03"]
[EventType "swiss"]
[EventRounds "13"]
[EventCountry "POL"]
[Source "lmi"]
[SourceDate "2010.08.03"]

1. e4 c5 2. Nf3 d6 3. d4 cxd4 4. Nxd4 Nf6 5. Nc3 Nc6 6. Bg5 e6 7. Qd2 Be7 8.
O-O-O O-O 9. f3 Nxd4 10. Qxd4 a6 11. h4 b5 12. Qd2 b4 13. Ne2 a5 14. Nd4 Bb7
15. Bb5 Qc7 16. g4 Rfc8 17. Ba4 Rd8 18. Kb1 h6 19. Be3 Nd7 20. g5 Nc5 21. Bb5
h5 22. g6 fxg6 23. Qg2 Bf6 24. Qxg6 Qf7 25. Qg2 a4 26. Bc4 d5 27. exd5 Bxd5
1/2-1/2

[Event "Campeonato del Mundo sub-20 2010"]
[Site "Chotowa POL"]
[Date "2010.08.12"]
[Round "9.34"]
[White "Golichenko, Ilija"]
[Black "Schiendorfer, Emanuel"]
[Result "1-0"]
[WhiteElo "2420"]
[BlackElo "2351"]
[PlyCount "81"]
[EventDate "2010.08.03"]
[EventType "swiss"]
[EventRounds "13"]
[EventCountry "POL"]
[Source "lmi"]
[SourceDate "2010.08.03"]

1. d4 d5 2. c4 e6 3. Nf3 Nf6 4. g3 Bb4+ 5. Bd2 a5 6. a3 Be7 7. Bg2 O-O 8. Qc2
c6 9. O-O dxc4 10. Qxc4 b5 11. Qc2 Bb7 12. Nc3 Nbd7 13. e4 Rc8 14. e5 Nd5 15.
Ne4 c5 16. Neg5 g6 17. Qe4 Re8 18. Qh4 Nf8 19. Qh6 Qb6 20. Ne4 cxd4 21. Bg5 Nd7
22. Bxe7 Rxe7 23. Qh4 Qd8 24. Nfg5 h5 25. Nd6 Nxe5 26. Nxc8 Qxc8 27. Qxd4 Ng4
28. Ne4 Rd7 29. Rac1 Qa8 30. h3 Nh6 31. Rc5 Nf5 32. Qe5 b4 33. Rxd5 Rxd5 34.
Nf6+ Kf8 35. Nxd5 exd5 36. Rd1 bxa3 37. bxa3 Ne7 38. Qd6 Ke8 39. Bf1 Bc6 40.
Re1 Qb7 41. Rxe7+ 1-0